[Event "Paracin op 01"]
[Site "Paracin"]
[Date "2022.01.20"]
[Round "5"]
[White "Mijanovic, Dragan"]
[Black "Abdullayev, Ruslan"]
[Result "1/2-1/2"]
[WhiteElo "1978"]
[BlackElo "1308"]
[PlyCount "66"]
[EventDate "2022.01.17"]
[EventType "swiss"]
[EventRounds "9"]
[EventCountry "SRB"]
[SourceTitle "CBM 206 Extra"]
[Source "ChessBase"]
[SourceDate "2022.03.31"]
[SourceVersion "1"]
[SourceVersionDate "2022.03.31"]
[SourceQuality "1"]

1. Nf3 d5 2. d4 Nf6 3. b3 Bf5 4. Bb2 e6 5. e3 h6 6. Nbd2 Nbd7 7. Be2 c6 8. 0-0 Bd6 9. c4 0-0 10. c5 Bc7 11. Re1 a5 12. a3 Re8 13. b4 axb4 14. axb4 e5 15. dxe5 Nxe5 16. Qb3 Qe7 17. Rxa8 Rxa8 18. Ra1 Rxa1+ 19. Bxa1 Nxf3+ 20. Nxf3 Ne4 21. Qb2 f6 22. Nd4 Bd7 23. Qa3 Qe8 24. f3 Ng5 25. h4 Nf7 26. f4 b6 27. Kf2 Qb8 28. Bd3 Nd8 29. Bc2 Kf8 30. Qa4 Nf7 31. Qa6 bxc5 32. Bf5 cxd4 33. Bxd7 dxe3+ 1/2-1/2

[Event "SRB-chT2 West"]
[Site "Arandjelovac"]
[Date "2018.09.08"]
[Round "2.1"]
[White "Mijanovic, Dragan"]
[Black "Nedeljkovic, Milivoje"]
[Result "0-1"]
[WhiteElo "2040"]
[BlackElo "2027"]
[PlyCount "62"]
[EventDate "2018.09.07"]
[EventType "team-tourn"]
[EventRounds "11"]
[EventCountry "SRB"]
[SourceTitle "EXT 2021"]
[Source "ChessBase"]
[SourceDate "2020.10.23"]
[SourceVersion "1"]
[SourceVersionDate "2020.10.23"]
[SourceQuality "1"]
[WhiteTeam "Bajina Basta"]
[BlackTeam "Krupanj"]
[WhiteTeamCountry "SRB"]
[BlackTeamCountry "SRB"]

1. d4 Nf6 2. Nf3 c5 3. d5 d6 4. c4 g6 5. Nc3 Bg7 6. e4 e6 7. dxe6 fxe6 8. Bf4 d5 9. cxd5 0-0 10. Qd2 exd5 11. e5 Nh5 12. Bg5 Qa5 13. Qxd5+ Kh8 14. h3 Nc6 15. 0-0-0 Nf4 16. Qe4 Ne6 17. Be3 Ned4 18. Nxd4 cxd4 19. Bxd4 Be6 20. Bb5 Nxd4 21. Rxd4 Bh6+ 22. Kd1 Rxf2 23. Qh4 Rxb2 24. Rd3 Bg7 25. Qe7 Bf5 26. Qxb7 Rd8 27. Rd5 Bxe5 28. Re1 Bxc3 29. Re7 Rd2+ 30. Ke1 R2xd5+ 31. Kf2 Qb6+ 0-1

[Event "Goracici Dragacevo op"]
[Site "Goracici"]
[Date "2015.05.24"]
[Round "1"]
[White "Mijanovic, Dragan"]
[Black "Damljanovic, Branko"]
[Result "0-1"]
[WhiteElo "2134"]
[BlackElo "2567"]
[PlyCount "90"]
[EventDate "2015.05.24"]
[EventType "swiss"]
[EventRounds "9"]
[EventCountry "SRB"]
[SourceTitle "CBM 166 Extra"]
[Source "ChessBase"]
[SourceDate "2015.06.18"]
[SourceVersion "1"]
[SourceVersionDate "2015.06.18"]
[SourceQuality "1"]

1. d4 d6 2. Nf3 Nf6 3. e3 g6 4. b3 Bg7 5. Bb2 0-0 6. Be2 Nbd7 7. 0-0 Qe8 8. Nbd2 Kh8 9. c4 e5 10. dxe5 dxe5 11. Qc2 Qe7 12. Rfd1 b6 13. Nf1 Bb7 14. N3d2 a5 15. Ng3 Nc5 16. Bf3 e4 17. Be2 h5 18. Bd4 h4 19. Ngf1 Nfd7 20. Bxg7+ Kxg7 21. h3 f5 22. Nb1 Nf6 23. Nc3 Rad8 24. Rxd8 Rxd8 25. Rd1 Bc6 26. a3 Nb7 27. Qb2 Rxd1 28. Nxd1 Nd8 29. b4 axb4 30. axb4 Nf7 31. g4 hxg3 32. Nxg3 Qe5 33. Qd4 Qxd4 34. exd4 f4 35. Nh1 g5 36. d5 Bd7 37. Kh2 b5 38. Nc3 bxc4 39. Bxc4 Nd6 40. Bb3 Bf5 41. Na4 Kf7 42. Nc5 Ke7 43. Kg2 Nf7 44. Na6 Kd6 45. b5 Ne5 0-1

[Event "SRB-chT2 West CS"]
[Site "Serbia"]
[Date "2011.09.11"]
[Round "1.6"]
[White "Mijanovic, Dragan"]
[Black "Zivkovic, Dejan"]
[Result "1-0"]
[WhiteElo "2070"]
[BlackElo "2289"]
[PlyCount "123"]
[EventDate "2011.09.11"]
[EventType "team"]
[EventRounds "11"]
[EventCountry "SRB"]
[SourceTitle "EXT 2015"]
[Source "ChessBase"]
[SourceDate "2014.11.20"]
[SourceVersion "1"]
[SourceVersionDate "2014.11.20"]
[SourceQuality "1"]

1. d4 Nf6 2. Nf3 g6 3. b3 Bg7 4. Bb2 d5 5. e3 0-0 6. Be2 c5 7. 0-0 cxd4 8. Nxd4 Nc6 9. Nd2 Re8 10. Rc1 e5 11. Nxc6 bxc6 12. c4 Bb7 13. Qc2 Rc8 14. Rfd1 Qe7 15. c5 Nd7 16. b4 f5 17. Qa4 Rc7 18. Qb3 Nf6 19. h3 Ne4 20. Bd3 Kh8 21. Qc2 Rf8 22. f3 Ng3 23. Nf1 Nxf1 24. Rxf1 Qg5 25. Qe2 Bc8 26. f4 Qe7 27. Qd2 Re8 28. Rce1 h6 29. g3 Kh7 30. Kf2 a5 31. b5 Qxc5 32. fxe5 Bxe5 33. Bxe5 Rxe5 34. Rc1 Qb6 35. Rxc6 Rxc6 36. bxc6 Qxc6 37. Rc1 Qd7 38. Qxa5 Re7 39. Qb6 Rg7 40. Bb5 Qb7 41. Qxb7 Rxb7 42. a4 Bd7 43. Rc5 Bxb5 44. axb5 Kg7 45. Rxd5 Kf7 46. Ke2 Ke6 47. Rc5 g5 48. Kd3 Rd7+ 49. Kc4 Rd1 50. Rc6+ Ke5 51. Rxh6 Rc1+ 52. Kd3 Rg1 53. b6 g4 54. hxg4 fxg4 55. Rh7 Rb1 56. b7 Rb4 57. Kc3 Rb1 58. Kc4 Ke4 59. Rf7 Kxe3 60. Kc5 Rxb7 61. Rxb7 Kf3 62. Rb3+ 1-0

[Event "SRB-chT Cup Central"]
[Site "Vrnjacka Banja"]
[Date "2011.05.01"]
[Round "5"]
[White "Vuckovic, Branko"]
[Black "Mijanovic, Dragan"]
[Result "1-0"]
[WhiteElo "2251"]
[BlackElo "2106"]
[PlyCount "116"]
[EventDate "2011.05.01"]
[EventType "team"]
[EventRounds "7"]
[EventCountry "SRB"]
[SourceTitle "EXT 2012"]
[Source "ChessBase"]
[SourceDate "2011.11.24"]
[SourceVersion "1"]
[SourceVersionDate "2011.11.24"]
[SourceQuality "1"]

1. e4 c6 2. c4 d5 3. cxd5 cxd5 4. exd5 Qxd5 5. Nc3 Qa5 6. Bc4 Nf6 7. Nf3 Nc6 8. 0-0 Bg4 9. Qb3 Nd8 10. Nd4 Rc8 11. Re1 Qc5 12. Bb5+ Bd7 13. Nf3 Nc6 14. d4 Nxd4 15. Bxd7+ Nxd7 16. Nxd4 Qxd4 17. Nb5 Qb6 18. Be3 Nc5 19. Qc4 a6 20. Nd4 e5 21. Nb3 Qe6 22. Rac1 Qxc4 23. Rxc4 b6 24. Bxc5 bxc5 25. Rxe5+ Kd7 26. Nxc5+ Bxc5 27. Rcxc5 Rhe8 28. Red5+ Ke6 29. g3 Rxc5 30. Rxc5 Kd7 31. Kf1 Re6 32. Rc2 Kd6 33. Re2 Rh6 34. Re8 Kd7 35. Ra8 Re6 36. Ra7+ Ke8 37. b3 Kf8 38. f4 Rc6 39. Ke1 h5 40. Kd2 g6 41. Kd3 Kg7 42. b4 Kf6 43. a4 Ke6 44. b5 axb5 45. axb5 Rc5 46. Rb7 f6 47. b6 Rc1 48. Rg7 Rb1 49. b7 Kf5 50. Kc4 h4 51. Kc5 g5 52. fxg5 hxg3 53. hxg3 fxg5 54. Kc6 Kg4 55. Kc7 Rc1+ 56. Kd8 Rd1+ 57. Kc8 Rc1+ 58. Rc7 Rb1 1-0

[Event "SRB-chT2 West"]
[Site "Valjevo"]
[Date "2010.10.15"]
[Round "8"]
[White "Mijanovic, Dragan"]
[Black "Zecevic, Igor"]
[Result "1/2-1/2"]
[WhiteElo "2102"]
[BlackElo "1867"]
[PlyCount "21"]
[EventDate "2010.09.12"]
[EventType "team-tourn"]
[EventRounds "9"]
[EventCountry "YUG"]
[SourceTitle "EXT 2011"]
[Source "ChessBase"]
[SourceDate "2010.11.26"]
[SourceVersion "1"]
[SourceVersionDate "2010.11.26"]
[SourceQuality "1"]

1. d4 Nf6 2. Nf3 c5 3. b3 cxd4 4. Nxd4 g6 5. Bb2 Bg7 6. e3 0-0 7. Be2 Nc6 8. Nd2 d6 9. 0-0 Bd7 10. c4 a6 11. Rc1 1/2-1/2

[Event "SRB-chT2 West"]
[Site "Serbia"]
[Date "2009.09.20"]
[Round "3.4"]
[White "Mijanovic, Dragan"]
[Black "Vujic, Luka"]
[Result "1-0"]
[WhiteElo "2096"]
[BlackElo "2201"]
[PlyCount "145"]
[EventDate "2009.09.06"]
[EventType "team"]
[EventRounds "11"]
[EventCountry "SRB"]
[SourceTitle "EXT 2012"]
[Source "ChessBase"]
[SourceDate "2011.11.24"]
[SourceVersion "1"]
[SourceVersionDate "2011.11.24"]
[SourceQuality "1"]

1. d4 Nf6 2. Nf3 g6 3. b3 b5 4. Bb2 d5 5. e3 a6 6. Nbd2 Bg7 7. Be2 Nbd7 8. 0-0 c5 9. c4 bxc4 10. bxc4 Rb8 11. Bc3 0-0 12. Rb1 Rxb1 13. Qxb1 Qc7 14. dxc5 dxc4 15. Nxc4 Nxc5 16. Rc1 Bf5 17. Qb6 Qxb6 18. Nxb6 Rb8 19. Bd4 Ne6 20. Bxf6 Bxf6 21. Nd7 Rb2 22. Nxf6+ exf6 23. Bxa6 Rxa2 24. Bc8 Be4 25. h3 Ra7 26. Nd4 Nxd4 27. exd4 Ra4 28. Rd1 Bd5 29. Bd7 Ra2 30. Bb5 Rb2 31. Bf1 Kf8 32. g3 Ke7 33. Bg2 Bb3 34. Rd3 Kd6 35. Bf3 h5 36. Kg2 Bd5 37. Bxd5 Kxd5 38. Kf3 Rb7 39. Kf4 Rb4 40. Ke3 Rb7 41. Ra3 Kd6 42. Ke4 f5+ 43. Kd3 Rb2 44. Ke3 Rb7 45. Ra6+ Kd5 46. Ra5+ Kd6 47. Ra3 Kd5 48. Rc3 Re7+ 49. Kd3 Ra7 50. Rb3 Re7 51. Rb5+ Kd6 52. Kc3 Rc7+ 53. Kd3 Re7 54. Kc4 Rc7+ 55. Rc5 Ra7 56. Rd5+ Kc6 57. Rb5 Ra4+ 58. Rb4 Ra2 59. d5+ Kc7 60. f4 Ra3 61. Rb3 Ra1 62. Kc5 Rc1+ 63. Kd4 f6 64. Rc3+ Rxc3 65. Kxc3 Kd6 66. Kd4 g5 67. h4 gxh4 68. gxh4 Kd7 69. Kc5 Kc7 70. d6+ Kd7 71. Kd5 Kd8 72. Ke6 Ke8 73. Kxf6 1-0

[Event "SRB-chT2 West"]
[Site "Serbia"]
[Date "2008.09.21"]
[Round "2.2"]
[White "Mijanovic, Dragan"]
[Black "Sadikovic, Samir"]
[Result "1/2-1/2"]
[WhiteElo "2115"]
[BlackElo "2202"]
[PlyCount "78"]
[EventDate "2008.09.14"]
[EventType "team"]
[EventRounds "11"]
[EventCountry "SRB"]
[SourceTitle "EXT 2012"]
[Source "ChessBase"]
[SourceDate "2011.11.24"]
[SourceVersion "1"]
[SourceVersionDate "2011.11.24"]
[SourceQuality "1"]

1. d4 d5 2. Nf3 Bf5 3. b3 Nc6 4. a3 e6 5. Bb2 Nf6 6. Nbd2 Be7 7. e3 0-0 8. Be2 a6 9. 0-0 Ne4 10. Rc1 Bf6 11. Ne5 Nxe5 12. dxe5 Be7 13. f3 Nxd2 14. Qxd2 c6 15. Rfd1 Bc5 16. b4 Be7 17. c4 f6 18. g4 Bg6 19. cxd5 exd5 20. f4 Be4 21. h3 fxe5 22. Bxe5 Bf6 23. Bxf6 Qxf6 24. g5 Qe7 25. Bg4 Rae8 26. Re1 Qf7 27. Kh2 Qc7 28. Kg3 Re7 29. a4 Rfe8 30. Qd4 Qd6 31. h4 Rf8 32. Rf1 Rfe8 33. Rc3 Bg6 34. Bf3 Bf5 35. b5 axb5 36. axb5 Bd7 37. Bg2 Qe6 38. f5 Qd6+ 39. Qf4 Rxe3+ 1/2-1/2

[Event "SRB-chT2 West"]
[Site "Serbia"]
[Date "2006.09.30"]
[Round "4.3"]
[White "Mijanovic, Dragan"]
[Black "Milosevic, Boban"]
[Result "1/2-1/2"]
[WhiteElo "2105"]
[BlackElo "2288"]
[PlyCount "96"]
[EventDate "2006.09.09"]
[EventType "team"]
[EventRounds "11"]
[EventCountry "SRB"]
[SourceTitle "EXT 2012"]
[Source "ChessBase"]
[SourceDate "2011.11.24"]
[SourceVersion "1"]
[SourceVersionDate "2011.11.24"]
[SourceQuality "1"]

1. d4 d5 2. Nf3 e6 3. b3 Bd6 4. Bb2 f5 5. e3 Nf6 6. Nbd2 Nbd7 7. Ne5 0-0 8. f4 Bxe5 9. dxe5 Ng4 10. Qf3 b6 11. h3 Nh6 12. Qf2 Bb7 13. Nf3 Nc5 14. Bd3 Nxd3+ 15. cxd3 c5 16. 0-0 Qd7 17. Rac1 Rfc8 18. Kh2 a5 19. Rfd1 a4 20. d4 axb3 21. dxc5 bxc5 22. axb3 Nf7 23. b4 cxb4 24. Qd2 Qb5 25. Nd4 Qb6 26. g4 fxg4 27. hxg4 Rxc1 28. Rxc1 Rc8 29. Rxc8+ Bxc8 30. Nc2 Qc5 31. Bd4 Qc4 32. Nxb4 Nh6 33. g5 Nf5 34. Qc2 Nxd4 35. exd4 Qxc2+ 36. Nxc2 Ba6 37. Kg3 Bd3 38. Nb4 Bf5 39. Kf3 Kf7 40. Na6 Ke7 41. Nc5 Kd8 42. Nb7+ Kd7 43. Nd6 Ke7 44. Kg3 Kf8 45. Kh4 Ke7 46. Kh5 Kf8 47. Kh4 Ke7 48. Kg3 Kf8 1/2-1/2